[Event "Let's Play Chess!"]
[Site "http://www.queenalice.com/game.php?id=600378"]
[Date "2009.6.8"]
[Round "-"]
[White "Garzhvog"]
[Black "retttti"]
[Result "1-0"]
[WhiteElo "1863"]
[BlackElo "1930"]

1. e4 e5 2. Nf3 Nc6 3. Bb5 a6 4. Ba4 d6 5. O-O Bd7 6. c3 Be7 7. d4 b5 8. Bb3 Nf6
9. Re1 O-O 10. h3 exd4 11. cxd4 Na5 12. Bc2 Nc4 13. b3 Nb6 14. Nc3 Ne8 15. e5
dxe5 16. dxe5 Be6 17. Qe2 c5 18. Bb2 c4 19. Rad1 Qc7 20. Bc1 cxb3 21. Bxb3 1-0

[Event "Let's Play Chess!"]
[Site "http://www.queenalice.com/game.php?id=600380"]
[Date "2009.6.8"]
[Round "-"]
[White "retttti"]
[Black "Garzhvog"]
[Result "0-1"]
[WhiteElo "1911"]
[BlackElo "1882"]

1. e4 c6 2. d4 d5 3. e5 Bf5 4. f4 e6 5. Nf3 Ne7 6. Be3 h6 7. Nbd2 Nd7 8. Nb3 Bg4
9. Be2 a6 10. O-O Nf5 11. Bf2 Be7 12. Nfd2 Bxe2 13. Qxe2 Qc7 14. c4 O-O 15. Qe1
Bd8 16. Rc1 Qb6 17. g4 Ne7 18. Be3 Bc7 19. f5 Kh7 20. Qh4 Bd8 0-1

[Event "FAZENDO AMIGOS 33"]
[Site "http://www.queenalice.com/game.php?id=600601"]
[Date "2009.6.9"]
[Round "-"]
[White "retttti"]
[Black "Evandrobit"]
[Result "0-1"]
[WhiteElo "1963"]
[BlackElo "1994"]

1. e4 e5 2. Nc3 Bc5 3. Nf3 Nc6 4. Be2 Nf6 5. O-O O-O 6. Re1 d6 7. h3 a6 8. d3 b5
9. Bf1 h6 10. Ne2 Ne7 11. Ng3 Ng6 12. d4 exd4 13. Nxd4 Re8 14. Kh1 Bb7 15. f3 d5
16. Nb3 Bf2 0-1

[Event "FAZENDO AMIGOS 34"]
[Site "http://www.queenalice.com/game.php?id=600603"]
[Date "2009.6.9"]
[Round "-"]
[White "attachui"]
[Black "retttti"]
[Result "0-1"]
[WhiteElo "2005"]
[BlackElo "1699"]

1. d4 d5 2. Nf3 Bf5 3. c4 e6 4. Nc3 Nf6 5. Bg5 Be7 6. e3 h6 7. Bh4 c6 8. cxd5
Nxd5 9. Bg3 Nxc3 10. bxc3 Nd7 11. Bd3 Bxd3 12. Qxd3 O-O 13. O-O Nf6 14. Rab1 b6
15. Ne5 Rc8 16. a4 Nh5 17. Qe4 Nxg3 18. fxg3 Qe8 19. Rf4 Bg5 20. Rf3 c5 21. Rbf1
cxd4 22. Ng6 Bxe3+ 23. Kh1 Rxc3 24. Nxf8 Qxf8 25. h4 Rc7 26. g4 Qd6 27. Rd1 Qc6
28. Qe5 Qxa4 29. Rdf1 Re7 30. g5 Qa5 31. Qe4 Qd5 32. Qg4 hxg5 33. hxg5 Qxg5 34.
Qe4 Qd5 35. Qh4 Qg5 36. Qh2 f5 37. Qb8+ Kf7 38. Rh3 f4 39. Rh8 d3 40. Qf8+ Kg6
41. Qd8 d2 42. Qd3+ Qf5 43. Qe2 Rc7 44. g3 Qe4+ 45. Qg2 Qxg2+ 46. Kxg2 Rc1 47.
Rhh1 e5 48. gxf4 exf4 49. Kf3 Kf5 50. Ke2 Rxf1 51. Rxf1 a5 52. Ra1 g5 0-1

[Event "MAKING FRIENDS 33"]
[Site "http://www.queenalice.com/game.php?id=600605"]
[Date "2009.6.9"]
[Round "-"]
[White "retttti"]
[Black "attachui"]
[Result "0-1"]
[WhiteElo "1975"]
[BlackElo "2065"]

1. d4 d5 2. c4 c6 3. Nc3 Nf6 4. e3 e6 5. Nf3 Nbd7 6. Be2 dxc4 7. Bxc4 Bb4 8. O-O
O-O 9. a3 Bxc3 10. bxc3 b5 11. Bd3 Bb7 12. c4 a6 13. Qb3 c5 14. d5 exd5 0-1

[Event "MAKING FRIENDS 34"]
[Site "http://www.queenalice.com/game.php?id=600606"]
[Date "2009.6.9"]
[Round "-"]
[White "GMNeny"]
[Black "retttti"]
[Result "1-0"]
[WhiteElo "1957"]
[BlackElo "1758"]

1. e4 e5 2. Nf3 Nc6 3. Bb5 a6 4. Ba4 Nf6 5. O-O b5 6. Bb3 Be7 7. c3 O-O 8. Re1
d6 9. h3 Bb7 10. Bc2 b4 11. d4 exd4 12. cxd4 a5 13. Bg5 h6 14. Bh4 Nd7 15. Bxe7
Nxe7 16. Nbd2 f5 17. Bb3+ Kh8 18. e5 dxe5 19. dxe5 Nc5 20. Bc2 Nd3 21. Bxd3 Qxd3
22. Re3 Qd5 23. b3 g5 24. Nc4 Qxd1+ 25. Rxd1 g4 26. hxg4 fxg4 27. Nd4 Rad8 28.
Red3 Rd5 29. Ne6 1-0

[Event "R-16"]
[Site "http://www.queenalice.com/game.php?id=600608"]
[Date "2009.6.9"]
[Round "-"]
[White "Railton"]
[Black "retttti"]
[Result "1-0"]
[WhiteElo "1749"]
[BlackElo "1919"]

1. d4 d5 2. Nf3 Nf6 3. Nc3 e6 4. Bg5 Be7 5. e3 Bd7 6. Bxf6 Bxf6 7. Bd3 a6 8. Qb1
Nc6 9. a3 O-O 10. Ne2 e5 11. dxe5 Nxe5 12. Nxe5 Bxe5 13. O-O Qh4 14. g3 1-0

[Event "Let's Play Chess!"]
[Site "http://www.queenalice.com/game.php?id=600612"]
[Date "2009.6.9"]
[Round "-"]
[White "retttti"]
[Black "Demig"]
[Result "0-1"]
[WhiteElo "1713"]
[BlackElo "1290"]

1. e4 e5 2. Nf3 d6 3. d4 f6 4. dxe5 dxe5 5. Qxd8+ Kxd8 6. Be3 Ne7 7. Nbd2 Nbc6
8. O-O-O Be6 9. Bb5 Nb4 10. Bc5 Nxa2+ 11. Kb1 a6 12. Nb3+ Nd5 13. Bc4 a5 14.
exd5 Bxd5 15. Rxd5+ Ke8 16. Bxf8 Rxf8 17. Kxa2 c6 18. Rxa5 Rd8 19. Ra7 Rd7 20.
Ra8+ Rd8 21. Rxd8+ Kxd8 22. Rd1+ Kc8 0-1

[Event "Let's Play Chess!"]
[Site "http://www.queenalice.com/game.php?id=600661"]
[Date "2009.6.9"]
[Round "-"]
[White "garca"]
[Black "retttti"]
[Result "1-0"]
[WhiteElo "1822"]
[BlackElo "1659"]

1. e4 e5 2. Nf3 Nc6 3. h3 Nf6 4. d3 Be7 5. Be2 d5 6. exd5 Nxd5 7. Bd2 O-O 8. O-O
Nf4 9. Nc3 Nxe2+ 10. Qxe2 f6 11. Rfe1 Bc5 12. Qe4 Nb4 13. Rec1 Be6 14. a3 Nc6
15. Qe1 Re8 16. Be3 Bb6 17. Bxb6 axb6 18. Qd2 Nd4 19. Nxd4 Qxd4 20. Re1 Bf5 21.
Rab1 c5 22. Re2 Red8 23. Re3 c4 24. Rbe1 cxd3 25. cxd3 Qh4 26. Ne4 Rd4 27. Ng3
Bg6 28. Ne4 f5 29. Nc3 1-0

[Event "Let's Play Chess!"]
[Site "http://www.queenalice.com/game.php?id=600662"]
[Date "2009.6.9"]
[Round "-"]
[White "retttti"]
[Black "garca"]
[Result "1-0"]
[WhiteElo "1970"]
[BlackElo "1841"]

1. d4 d5 2. c4 dxc4 3. e4 e6 4. Bxc4 a6 5. Nf3 h6 6. O-O Nf6 7. e5 Ng8 8. Nc3
Ne7 9. d5 b5 10. Bb3 exd5 11. Nxd5 Nxd5 12. Bxd5 c6 13. Bxf7+ Kxf7 14. Qxd8 1-0

[Event "jeudes2"]
[Site "http://www.queenalice.com/game.php?id=603102"]
[Date "2009.6.15"]
[Round "-"]
[White "jeudes2"]
[Black "retttti"]
[Result "0-1"]
[WhiteElo "1914"]
[BlackElo "1727"]

1. d4 d5 2. c4 e6 3. Nc3 Nf6 4. Qb3 Be7 5. Nf3 c6 6. e3 Nbd7 7. Bd3 O-O 8. Ne5
Nxe5 9. dxe5 Nd7 10. f4 Nc5 11. Qc2 Nxd3+ 12. Qxd3 dxc4 13. Qxc4 Qb6 14. O-O Rd8
15. b3 Qc7 16. Rd1 Rxd1+ 17. Nxd1 b5 18. Qe4 Bb7 19. Bb2 c5 20. Qc2 Rd8 21. e4
Qc6 22. Nf2 c4 23. bxc4 Qxc4 24. Qxc4 bxc4 25. Rc1 Bc5 26. g3 Bxe4 27. Kf1 Bxf2
28. Kxf2 Rd2+ 29. Ke3 Rxb2 30. Kxe4 Rxa2 31. h4 Ra4 32. Kd4 Kf8 33. Rxc4 Rxc4+
34. Kxc4 f6 35. Kb5 fxe5 36. fxe5 Ke7 37. Ka6 Kd7 38. Kxa7 Kc6 0-1

[Event "juliane x retttti"]
[Site "http://www.queenalice.com/game.php?id=603612"]
[Date "2009.6.15"]
[Round "-"]
[White "julianeferreira"]
[Black "retttti"]
[Result "1-0"]
[WhiteElo "1841"]
[BlackElo "1856"]

1. e4 e5 2. Nf3 Nc6 3. Bc4 Bc5 4. d3 Nge7 5. Nc3 O-O 6. Bg5 h6 7. Bh4 Kh8 8. Nd5
f6 9. h3 Nxd5 10. Bxd5 Ne7 11. Bb3 1-0

[Event "Challenge"]
[Site "http://www.queenalice.com/game.php?id=603634"]
[Date "2009.6.15"]
[Round "-"]
[White "gomonkey"]
[Black "retttti"]
[Result "1-0"]
[WhiteElo "1701"]
[BlackElo "1750"]

1. e4 e5 2. Nf3 Nc6 3. a3 Nf6 4. Nc3 Be7 5. d4 exd4 6. Nxd4 Nxd4 7. Qxd4 d6 8.
Bf4 O-O 9. h3 Re8 10. O-O-O Be6 11. e5 dxe5 12. Bxe5 c6 13. Qe3 Qa5 14. Rd4 Bc5
15. Bxf6 gxf6 16. Qg3+ Kh8 17. Ra4 1-0

[Event "Challenge"]
[Site "http://www.queenalice.com/game.php?id=605171"]
[Date "2009.6.17"]
[Round "-"]
[White "scaramouche"]
[Black "retttti"]
[Result "1-0"]
[WhiteElo "1963"]
[BlackElo "1766"]

1. e4 e5 2. Nf3 Nc6 3. Bc4 Bc5 4. O-O Nf6 5. d3 O-O 6. Bg5 h6 7. Bh4 Be7 8. Nc3
d6 9. a3 Nd7 10. Bg3 Kh8 11. Nd5 f5 12. exf5 Rxf5 13. Ne3 Rf8 14. Nd5 1-0

[Event "Challenge"]
[Site "http://www.queenalice.com/game.php?id=605172"]
[Date "2009.6.17"]
[Round "-"]
[White "retttti"]
[Black "scaramouche"]
[Result "0-1"]
[WhiteElo "1856"]
[BlackElo "1951"]

1. e4 e5 2. Nc3 d6 3. Bc4 Nf6 4. Nf3 Bg4 5. h3 Bh5 6. d3 Nc6 7. g4 Bg6 8. Nh4 h6
9. Nxg6 fxg6 10. Be3 a6 11. f4 Qe7 12. Qd2 Nd4 13. O-O-O O-O-O 0-1

[Event "Challenge"]
[Site "http://www.queenalice.com/game.php?id=605401"]
[Date "2009.6.18"]
[Round "-"]
[White "retttti"]
[Black "KLEOJ"]
[Result "0-1"]
[WhiteElo "1844"]
[BlackElo "2017"]

1. e4 e6 2. d4 d5 3. e5 c5 4. c3 Nc6 5. Nf3 Nge7 6. Be2 Qb6 7. O-O Nf5 8. dxc5
Bxc5 9. b3 Qc7 10. Bf4 O-O 11. b4 Be7 12. b5 Na5 13. Nd4 Nxd4 0-1

[Event "Challenge"]
[Site "http://www.queenalice.com/game.php?id=617730"]
[Date "2009.7.12"]
[Round "-"]
[White "MarcioDiasRamos"]
[Black "retttti"]
[Result "0-1"]
[WhiteElo "1774"]
[BlackElo "1679"]

1. e4 e5 2. Nf3 Nc6 3. Bb5 a6 4. Bxc6 dxc6 5. Nc3 Bd6 6. d4 exd4 7. Qxd4 f6 8.
O-O Bg4 9. Nh4 Bxh2+ 10. Kxh2 Qxd4 11. Be3 Qe5+ 12. g3 Ne7 13. Rae1 O-O-O 14. f4
Qh5 15. Na4 h6 16. Nc5 g5 17. fxg5 hxg5 0-1

[Event "Ronin ll"]
[Site "http://www.queenalice.com/game.php?id=620004"]
[Date "2009.7.16"]
[Round "1"]
[White "retttti"]
[Black "luciopac"]
[Result "1-0"]
[WhiteElo "1766"]
[BlackElo "1998"]

1. d4 d5 2. c4 c6 3. Nc3 Nf6 4. Nf3 dxc4 5. e4 b5 6. e5 Nd5 7. Nxd5 cxd5 8. Bd2
Bf5 9. a4 bxa4 10. Qxa4+ Qd7 11. Qd1 e6 12. b3 Bd3 13. Bxd3 cxd3 14. O-O Be7 15.
Bg5 Bxg5 16. Nxg5 h6 17. Nf3 Qb5 18. Ne1 Nc6 19. Nxd3 Nxd4 20. b4 Nc6 21. Qa4
Qxa4 22. Rxa4 O-O 23. b5 Ne7 24. Rfa1 Rfb8 25. Rxa7 Rxa7 26. Rxa7 Rxb5 27. f4
Nf5 28. Ra8+ Kh7 29. g4 Ne3 30. h3 Rb3 31. Nf2 d4 32. Rd8 Nd5 33. f5 1-0

[Event "Challenge"]
[Site "http://www.queenalice.com/game.php?id=621905"]
[Date "2009.7.20"]
[Round "-"]
[White "retttti"]
[Black "talisman77"]
[Result "1-0"]
[WhiteElo "1748"]
[BlackElo "1753"]

1. e4 Nc6 2. d4 e6 3. c4 d5 4. exd5 exd5 5. Nf3 Nf6 6. Be2 Bb4+ 7. Bd2 Bxd2+ 8.
Nbxd2 O-O 9. O-O Bf5 10. c5 Ne4 11. Bb5 Qf6 12. Bxc6 bxc6 13. Ne5 Qe6 14. f3
Nxd2 15. Qxd2 f6 16. Nd3 Rab8 17. Rfe1 Qf7 18. b3 Rfe8 19. Nb4 Rxe1+ 20. Rxe1
Qd7 21. Re3 Re8 22. Qe1 Rxe3 23. Qxe3 h6 24. Nd3 Bxd3 25. Qxd3 Qe6 26. Kf2 Kf7
27. Qa6 Qf5 28. Qxa7 Qc2+ 29. Kg3 Qd2 30. Qxc7+ Kg6 31. Qxc6 Qxd4 32. Qd6 1-0

[Event "irlf"]
[Site "http://www.queenalice.com/game.php?id=624384"]
[Date "2009.7.25"]
[Round "-"]
[White "LISBOA"]
[Black "retttti"]
[Result "1-0"]
[WhiteElo "1632"]
[BlackElo "1748"]

1. e4 e5 2. Nf3 Nc6 3. Bb5 a6 4. Ba4 Nf6 5. d3 d6 6. Nc3 b5 7. Bb3 Na5 8. Nd5
Nxb3 9. Nxf6+ Qxf6 10. axb3 h6 11. Bd2 Be7 12. c4 Bb7 13. cxb5 axb5 14. Rxa8+
Bxa8 15. Qa1 O-O 16. Qa5 c6 17. Bc3 Qe6 18. Nd2 Qd7 19. b4 d5 20. Bxe5 dxe4 21.
dxe4 Qd3 22. Qa3 Rd8 23. Qxd3 Rxd3 24. Bc3 c5 25. bxc5 Bxc5 26. Ke2 Rd7 27. b4
Bb6 28. Rc1 Rc7 29. f3 f6 30. Nb3 Kf7 31. Kd3 Bc6 32. Bd4 Bxd4 33. Kxd4 Rd7+ 34.
Kc5 Rd3 35. Kxc6 1-0